000 00578nam a22002177a 4500
003 UA-OsUOA
001 108587
007 ta
008 20141103b un ||||| |||| 00| 0 ukr d
100 _aГалацька В.
090 _a82
_bГ15
942 _cSA
040 _aUA-OsUOA
_bukr
_cUA-OsUOA
_dUA-OsUOA
245 _aДніпропетровські обрії Павла Загребельного
300 _aС.1,14
955 _a0
041 _aukr
080 _a82
773 0 _w108586
650 7 _a82 Література. Літературознавство
_2UDC
999 _c394503
_d394503